[Event "Olympiad-44"]
[Site "Chennai"]
[Date "2022.07.29"]
[Round "1.4"]
[White "Banikas, Hristos"]
[Black "Germinal, Kemly"]
[Result "1-0"]
[WhiteElo "2598"]
[BlackElo "1997"]
[PlyCount "65"]
[EventDate "2022.07.29"]
[EventType "team-swiss"]
[EventRounds "11"]
[EventCountry "IND"]
[SourceTitle "CBM 210"]
[Source "ChessBase"]
[SourceDate "2022.10.31"]
[SourceVersion "1"]
[SourceVersionDate "2022.10.31"]
[SourceQuality "1"]
[WhiteTeam "Greece"]
[BlackTeam "Haiti"]
[WhiteTeamCountry "GRE"]
[BlackTeamCountry "HAI"]

1. d4 Nf6 2. c4 e6 3. Nf3 c5 4. d5 exd5 5. cxd5 d6 6. e4 g6 7. Nfd2 Bg7 8. Be2 0-0 9. 0-0 Re8 10. Nc3 Na6 11. Re1 Nc7 12. h3 b6 13. a4 Rb8 14. Qc2 a6 15. Rb1 b5 16. axb5 axb5 17. b4 Bd7 18. bxc5 b4 19. Nd1 Ncxd5 20. c6 Qc7 21. exd5 Bf5 22. Qb3 Bxb1 23. Nxb1 Ne4 24. Be3 Qa5 25. Nd2 Nc3 26. Bf3 Qa3 27. Qc4 Nxd1 28. Rxd1 Rxe3 29. fxe3 Qxe3+ 30. Kh1 Be5 31. Qe4 Qf2 32. Nc4 f5 33. Qe2 1-0